Гидрогеология, инженерная геология, геокриология (Запись № 1101273)

Подробности
000 -МАРКЕР
контрольное поле 02663nam0a2200433 4500
001 - ИДЕНТИФИКАТОР ЗАПИСИ
контрольное поле RU\NLR\bibl\193946
005 - ИДЕНТИФИКАТОР ВЕРСИИ
контрольное поле 20260405104434.0
010 ## - МЕЖДУНАРОДНЫЙ СТАНДАРТНЫЙ НОМЕР КНИГИ (ISBN)
Номер (ISBN) 5-88179-202-5
Тираж 150
021 ## - НОМЕР ГОСУДАРСТВЕННОЙ РЕГИСТРАЦИИ
Код страны Российская Федерация
Номер 2000-53526
Номер Листа государственной регистраци 2470
035 ## - ДРУГИЕ СИСТЕМНЫЕ НОМЕРА
Идентификатор записи (NLR Aleph) 000190440
100 ## - ДАННЫЕ ОБЩЕЙ ОБРАБОТКИ
Данные общей обработки 20011018d2000 |||y0rusy50 ca
101 0# - ЯЗЫК РЕСУРСА
Язык текста, звукозаписи и т.д. русский
102 ## - СТРАНА ПУБЛИКАЦИИ ИЛИ ПРОИЗВОДСТВА
Страна публикации Российская Федерация
105 ## - ПОЛЕ КОДИРОВАННЫХ ДАННЫХ: ТЕКСТОВЫЕ МАТЕРИАЛЫ, МОНОГРАФИЧЕСКИЕ
Кодированные данные о монографическом текстовом документе a |||||||||
200 1# - ЗАГЛАВИЕ И СВЕДЕНИЯ ОБ ОТВЕТСТВЕННОСТИ
Основное заглавие Гидрогеология, инженерная геология, геокриология
Сведения, относящиеся к заглавию Учеб. пособие по курсу "Гидрогеология, инж. геология, геокриология" для студентов в инж.-техн. вузах по направлению 511000 "Геология"
Первые сведения об ответственности К.В. Лебедева, Г.В. Николаева, О.В. Захарова
Последующие сведения об ответственности М-во образования Рос. Федерации, Ухт. гос. техн. ун-т
210 ## - ПУБЛИКАЦИЯ, РАСПРОСТРАНЕНИЕ И ДР.
Место издания, распространения и т.д. Ухта
Имя издателя, распространителя и т. д. УГТУ
Дата издания, распространения и т.д. 2000
215 ## - ФИЗИЧЕСКАЯ ХАРАКТЕРИСТИКА
Специфическое обозначение материала и объем 65 с.
Другие сведения о физической характеристике ил.
Размеры 21
300 ## - ОБЩИЕ ПРИМЕЧАНИЯ
Текст примечания На 5-й с. авт.: доц., к.г.-м.н., К.В. Лебедева, инж. О.В. Захарова, к.г.-м.н. Г.В. Николаева
320 ## - ПРИМЕЧАНИЯ О НАЛИЧИИ В ДОКУМЕНТЕ БИБЛИОГРАФИИ / УКАЗАТЕЛЯ
Текст примечания Библиогр.: с. 64-65 (23 назв.)
606 0# - НАИМЕНОВАНИЕ ТЕМЫ КАК ПРЕДМЕТ
Наименование темы Гидрогеология
Формальный подзаголовок Руководства, пособия и т.п.
Системный номер авторитетной/нормативной записи 918718
Идентификатор авторитетной/нормативной записи RU\NLR\auth\6617385
606 0# - НАИМЕНОВАНИЕ ТЕМЫ КАК ПРЕДМЕТ
Наименование темы Гидрогеология
Формальный подзаголовок Учебные издания для высшей школы
Системный номер авторитетной/нормативной записи 918718
Идентификатор авторитетной/нормативной записи RU\NLR\auth\6617385
606 0# - НАИМЕНОВАНИЕ ТЕМЫ КАК ПРЕДМЕТ
Наименование темы Инженерная геология
Формальный подзаголовок Руководства, пособия и т.п.
Системный номер авторитетной/нормативной записи 901792
Идентификатор авторитетной/нормативной записи RU\NLR\auth\667913
606 0# - НАИМЕНОВАНИЕ ТЕМЫ КАК ПРЕДМЕТ
Наименование темы Инженерная геология
Формальный подзаголовок Учебные издания для высшей школы
Системный номер авторитетной/нормативной записи 901792
Идентификатор авторитетной/нормативной записи RU\NLR\auth\667913
606 0# - НАИМЕНОВАНИЕ ТЕМЫ КАК ПРЕДМЕТ
Наименование темы Геокриология
Формальный подзаголовок Руководства, пособия и т.п.
Системный номер авторитетной/нормативной записи 912381
Идентификатор авторитетной/нормативной записи RU\NLR\auth\66333378
606 0# - НАИМЕНОВАНИЕ ТЕМЫ КАК ПРЕДМЕТ
Наименование темы Геокриология
Формальный подзаголовок Учебные издания для высшей школы
Системный номер авторитетной/нормативной записи 912381
Идентификатор авторитетной/нормативной записи RU\NLR\auth\66333378
686 ## - ИНДЕКСЫ ДРУГИХ КЛАССИФИКАЦИЙ
Индекс Д46я73
686 ## - ИНДЕКСЫ ДРУГИХ КЛАССИФИКАЦИЙ
Индекс Д49я73
686 ## - ИНДЕКСЫ ДРУГИХ КЛАССИФИКАЦИЙ
Индекс Д48я73
700 #1 - ИМЯ ЛИЦА - ПЕРВИЧНАЯ ОТВЕТСТВЕННОСТЬ
Начальный элемент ввода Лебедева
Часть имени, кроме начального элемента ввода К. В.
Расширение инициалов личного имени Клара Васильевна
Код отношения Автор
701 #1 - ИМЯ ЛИЦА - АЛЬТЕРНАТИВНАЯ ОТВЕТСТВЕННОСТЬ
Код отношения Автор
Начальный элемент ввода Николаева
Часть имени, кроме начального элемента ввода Г. В.
Дополнения к именам, кроме дат канд. геол.- минер. наук, экология
Расширение инициалов личного имени Галина Валентиновна
Системный номер авторитетной/нормативной записи 248095
Идентификатор авторитетной/нормативной записи RU\NLR\AUTH\770248151
701 #1 - ИМЯ ЛИЦА - АЛЬТЕРНАТИВНАЯ ОТВЕТСТВЕННОСТЬ
Код отношения Автор
Материалы, к которым относится поле rus
Графика поля Кириллица
Начальный элемент ввода Захарова
Часть имени, кроме начального элемента ввода О. В.
Дополнения к именам, кроме дат инженер-геолог
Расширение инициалов личного имени Ольга Владимировна
Идентификатор авторитетной/нормативной записи RU\NLR\auth\7739922
Системный номер авторитетной/нормативной записи 22885
801 #0 - ИСТОЧНИК ЗАПИСИ
Страна Российская Федерация
Организация NLR
Дата составления 20011018
Правила каталогизации PSBO
801 #1 - ИСТОЧНИК ЗАПИСИ
Страна Российская Федерация
Организация NLR
Дата составления 20011018
830 ## - ОБЩЕЕ ПРИМЕЧАНИЕ, СОСТАВЛЕННОЕ КАТАЛОГИЗАТОРОМ
Текст примечания Авт. раскрыты по кн.
942 ## - ДОПОЛНИТЕЛЬНЫЕ ЭЛЕМЕНТЫ ЗАПИСИ (АБИС)
Тип экземпляра АБИС Книга
980 ## - КОЛЛЕКЦИЯ
Название коллекции Национальная библиография
Экземпляры
Тип экземпляра Дата поступления Источник поступления Библиотека постоянного хранения Библиотека текущего хранения Место хранения Шифр хранения Штрих-код Статус экземпляра
Книга 18.10.2001 Обязательный экземпляр РНБ (Московский) РНБ (Московский) Русский книжный фонд: издания с 1957 года 2001-4/9903 171891  
Книга 18.10.2001 Обязательный экземпляр РНБ (Московский) РНБ (Московский) Русский книжный фонд: издания с 1957 года 2001-4/9903 171894